Gladbach, HSV, Schalke oder Frankfurt - Statistiken

Allgemein
  • Dieses Quiz wurde 348 mal gespielt
  • Das Durchschnittsergebnis liegt bei 11 aus 15
Antwortstatistiken
Frage Antwort % Korrekt
Wessen Rivale sind die Kickers Offenbach?
94%
Wer gewann 2022 die Europa League?
92%
Wer befindet sich "im Herzen von Europa"?
87%
Wer ist ein Verein für Leibesübungen (VfL)?
85%
Wessen Maskottchen heißt Jünter?
81%
Wer gewann 1983 den Europapokal der Landesmeister?
79%
Wer spielte bis 2004 im Bökelbergstadion?
79%
In wessen Wappen ist der Anfangsbuchstabe der Heimatstadt zu sehen?
78%
Wer gewann 3 Jahre hintereinander die Bundesliga?
75%
Wer spielt im größten Stadion?
74%
Bei wem ist der reichste Deutsche Anhänger?
72%
Wer ist auf Platz 3 der mitgliederstärksten Klubs in Deutschland?
70%
Vor wessen Stadion steht eine Skulptur des rechten Fußes der größten Vereinslegende?
69%
Bei wem spielte der Rekordspieler der Bundesliga?
47%
Wer wurde dreimal häufiger Zweitligameister, als Meister in der Bundesliga?
37%
Keine übereinstimmenden Quizze gefunden
Verteilung der Resultate
Anzahl Personen mit jedem Resultat
Perzentil nach korrekt beantworteten Fragen
Ihre Resultats-Entwicklung
Sie haben dieses Quiz noch nicht gespielt